IMPREZY, NA KTÓRE WYNAJMUJEMY FOTOGRAFA? - Statystyki

Ogólne statystyki
  • Ten quiz został rozwiązany 185 razy
  • Średni wynik to 4 z 6
Statystyki odpowiedzi
Odpowiedź % Poprawnych
ŚLUB | WESELE
100%
URODZINY
83%
KOMUNIA
81%
CHRZCINY
63%
STUDNIÓWKA
29%
WIECZÓR PANIEŃSKI | KAWALERSKI
16%
Nie znaleziono quizów pasujących do podanych kryteriów
Rozkład punktacji
Procent ludzi z każdym wynikiem
Percentyl według liczby udzielonych odpowiedzi
Twoja historia wyników
Nie rozwiązałeś tego quizu